000
00325nam a2200145Ia 4500
100
_a
Kolasa Blair J
650
_a
General
942
_c
BK
654
_a
Business
245
_a
Intrd. to Behavioral Science For Business
260
_b
WILEY EASTERN LIMITED
_c
2001
082
_a
158.7
300
_a
654
546
_a
ENGLISH
999
_c
21310
_d
21310